000 00585nam a2200217 i 4500
001 bgj
100 1 _aDWORETZKY, John P.
245 1 0 _aPsychology /
_cJohn P. Dworetzky.
250 _a3rd edition.
260 _aSt. Paul [etc.] :
_bWest Publishing Company,
_cc. 1988.
300 _aXXV, 672, G-20, R-26, I-1 :
_bill. ;
_c26 cm.
504 _aBibliography R-1 - R-26.
505 _aIncludes indexes.
650 9 _aPsychology
020 _a0314624791
040 _cBPK
041 0 _aeng
920 _a0-314-62479-1
942 _cKS
008 s uk f |000 0 eng
999 _c47641
_d47641
856 _uhttp://koha.tu.koszalin.pl/cgi-bin/koha/opac-detail.pl?biblionumber=47641
_yKatalog online BPK